000 00695nam a2200289Ia 4500
005 20260324122545.0
008 008 260324s9999 xx 000 0 eng d
020 _a9781315589855
037 _aEBOOK
040 _aCRL
040 _beng
040 _cCRL
041 _2eng
041 _aeng
084 _qCRL
100 _aRaphaƫl Kies
_91166906
245 0 _aIs Europe Listening to Us?
245 0 _bSuccesses and Failures of EU Citizen Consultations
260 _bTaylor and Francis
260 _c2013
365 _a
365 _b230
856 _uhttp://www.taylorfrancis.com/books/9781315589855
942 _cEBOOK
999 _c1759744
_d1759744